000 00483nam a2200181Ia 4500
008 090124s9999 xx 000 0 und d
082 _b127861
100 _aसिनकर श्रीकांत
245 _a अभागी
250 _a1
260 _c1968
300 _a114
600 _aसिनकर श्रीकांत
630 _a अभागी
700 _aसिनकर श्रीकांत
730 _a अभागी
942 _cBOOK
999 _c173950
_d173950